000 00894nam a22002535i 4500
001 98905
003 ES-MaACL
005 20250824074354.0
007 t|
008 950918s1877 sp ||||1| spa d
040 _aCAM
_bspa
_cCAM
080 _a821.134.2-23"18"
100 1 _aEchegaray, José,
_d1832-1916
_946526
245 1 0 _aO locura o santidad
_b: drama en tres actos y en prosa /
_cpor José Echegaray.
260 _aMadrid :
_bAlonso Gullón,
_c1877 (
_fJosé M. Ducazcal)
300 _a94 p. ;
_c23 cm.
490 1 _aEl Teatro
530 _aDisponible en formato digital
830 0 3 _aEl teatro (Alonso Gullón)
_9226609
852 _aES-MaACL
_jR-2348
_q. - Ded. autógr. del autor Olim: B-4604
856 _uhttp://bdh-rd.bne.es/viewer.vm?id=0000103998&page=1
_yVersión en línea
_z(Biblioteca Digital Hispánica)
942 _2udc
999 _c98905
_d98905